000 00646nam a2200181Ia 4500
005 20250423095630.0
008 250422s9999 xx 000 0 und d
020 _a 0738210811, 9780738210810
050 _aHQ 1034 .U5 G74/
100 _aGreenwood, Valdes David
245 0 _aHomo domesticus : notes from a same-sex marriage
260 _aUSA
260 _bDa Capo Press
260 _c1991
300 _a214 p
650 _aValdes Greenwood, David. Same-sex marriage --United States --Case studies. Gay men --United States --Biography. Gay fathers --United States --Biography. Gay adoption --United States --Case studies
942 _cBK
999 _c30861
_d30861